Les pratiques funéraires en Pannonie de l'époque augustéenne à la fin du 3e siècle : texte et cartes /

This volume aims to give an overview of Roman burial practices in Pannonia during the Early Roman period through the study of tomb structure, the selection and treatment of grave goods and analysis of human remains. It proposes a synthesis of the published finds to serve as a base for future researc...

وصف كامل

محفوظ في:

المؤلف الرئيسي: Márton, András (مؤلف)

التنسيق: كتاب الكتروني

اللغة: French

منشور في: Summertown, Oxford : Archaeopress Publishing Ltd., 2019.

سلاسل: Archaeopress Roman archaeology ; 62.

الموضوعات:

الوصول للمادة أونلاين: Login to view Source

الوسوم: إضافة وسم

لا توجد وسوم, كن أول من يضع وسما على هذه التسجيلة!

رقم الطلب: DG103

LEADER 02112nam a2200445 i 4500
001 EDZ0002179307
003 StDuBDS
005 20230412182628.0
006 m|||||o||d||||||||
007 cr |||||||||||
008 191104s2019 enkab fob 000|0|fre|d
020 |a 9781789693362 (ebook) :  |c No price 
040 |a StDuBDS  |b eng  |c StDuBDS  |e rda  |e pn 
050 4 |a DG103 
082 0 4 |a 393.1093639  |2 23 
100 1 |a Márton, András,  |e author. 
245 1 4 |a Les pratiques funéraires en Pannonie de l'époque augustéenne à la fin du 3e siècle :  |b texte et cartes /  |c András Márton. 
264 1 |a Summertown, Oxford :  |b Archaeopress Publishing Ltd.,  |c 2019. 
300 |a 1 online resource (vi, 528 pages) :  |b illustrations (black and white), maps (black and white). 
336 |a text  |2 rdacontent 
336 |a still image  |2 rdacontent 
336 |a cartographic image  |2 rdacontent 
337 |a computer  |2 rdamedia 
338 |a online resource  |2 rdacarrier 
490 1 |a Archaeopress Roman archaeology ;  |v 62 
500 |a Also issued in print: 2019. 
504 |a Includes bibliographical references. 
520 8 |a This volume aims to give an overview of Roman burial practices in Pannonia during the Early Roman period through the study of tomb structure, the selection and treatment of grave goods and analysis of human remains. It proposes a synthesis of the published finds to serve as a base for future research in the region. 
521 |a Specialized. 
588 |a Description based on online resource; title from PDF title page (viewed on February 6, 2020). 
650 0 |a Burial  |z Pannonia. 
650 0 |a Funeral rites and ceremonies  |z Pannonia. 
651 0 |a Pannonia  |x Antiquities, Roman. 
650 0 |a Excavations (Archaeology)  |z Pannonia. 
776 0 8 |i Print version :  |z 9781789693355 
830 0 |a Archaeopress Roman archaeology ;  |v 62. 
856 4 0 |3 Archaeopress  |u http://library.arce.org:8087/Archaeopress/Products/9781789693355 
942 |2 lcc  |c EBOOK 
952 |0 0  |1 0  |4 0  |6 DG0103  |7 1  |9 46606  |a ARCH  |b ARCH  |d 2023-04-12  |l 0  |o DG103  |r 2023-04-12 00:00:00  |w 2023-04-12  |y EBOOK 
999 |c 52264  |d 52264